Datum a čas kvízu
28.5
Celkem bodů
Celkový počet nahraných bodů na tomto kvízu bez doplňovacích otázek.
6.
Pořadí na kvízu
Konečné umístění týmu na tomto kvízu.
Zaznamenané odpovědi
| # | Otázka | Odpověď | Body | Výsledky |
|---|---|---|---|---|
| 1. | Na konci ledna představil svou... | ECHO | 1 | |
| 2. | Na začátku roku byla dokončena... | v Ostravě | 1 | |
| 3. | V rámci oslav 450 let od založ... | v Innsbrucku | 1 | |
| 4. | Po nejasnostech kolem udělován... | Masarykova univerzita | 1 | |
| 5. | Univerzitní centrum aplikovaný... | monoski | 1 | |
| 6. | Založení vysokého učení v Olom... | Tovaryšstvo Ježíšovo | 1 | |
| 7. | Ve kterém roce se narodil asi... | v roce 1936 (1934-1398) | 0 | |
| 8. | Snímek Misie z roku 1986 vypra... | Robert de Niro, Jeremy Irons | 0 | |
| 9. | Mohli se hypoteticky setkat za... | ne | 0 | |
| 10. | V české provincii jezuitů exis... | Hostýn, Velehrad | 1 |